Rosa Germania 2014 - Statistics

Statistiche generali
  • Questo quiz è stato fatto 133 volte
  • Il punteggio medio è 12 su 23
Statistiche sulle risposte
Ruolo Club dell'epoca Calciatore % Corretto
Portiere Bayern Monaco Manuel Neuer
98%
Lazio Miroslav Klose
94%
Bayern Monaco Thomas Müller
86%
Borussia Dortmund Mats Hummels
84%
Bayern Monaco Toni Kroos
80%
Bayern Monaco Jérôme Boateng
71%
Arsenal Mesut Özil
71%
Bayern Monaco Philipp Lahm
71%
Bayern Monaco Mario Götze
68%
Centrocampista Real Madrid Sami Khedira
67%
Bayern Monaco Bastian Schweinsteiger
55%
Attaccante Chelsea André Schürrle
50%
Sampdoria Shkodran Mustafi
50%
Borussia Dortmund Roman Weidenfeller
49%
Arsenal Per Mertesacker
44%
Arsenal Lukas Podolski
39%
Schalke 04 Benedikt Höwedes
37%
Schalke 04 Julian Draxler
29%
Borussia Mönchengladbach Christoph Kramer
26%
Centrocampista Friburgo Matthias Ginter
15%
Borussia Dortmund Erik Durm
14%
Difensore Borussia Dortmund Kevin Großkreutz
13%
Hannover 96 Ron-Robert Zieler
11%
Nessun quiz corrispondente trovato
Distribuzione punteggi
Percentuale di utenti per punteggio
Percentile per numero di risposta
I tuoi punteggi nel tempo
Non hai fatto questo quiz